[Event "Balaton GM2 28th"]
[Site "Heviz"]
[Date "2010.06.19"]
[Round "1"]
[White "Nadig, Kruttika"]
[Black "Czebe, Attila"]
[Result "1/2-1/2"]
[WhiteElo "2236"]
[BlackElo "2480"]
[PlyCount "111"]
[EventDate "2010.06.19"]
[EventType "tourn"]
[EventRounds "9"]
[EventCountry "HUN"]
[EventCategory "8"]
[SourceTitle "CBM 137 Extra"]
[Source "ChessBase"]
[SourceDate "2010.09.01"]
[SourceVersion "1"]
[SourceVersionDate "2010.09.01"]
[SourceQuality "1"]

1. Nf3 d5 2. g3 g6 3. Bg2 Bg7 4. 0-0 e5 5. d3 Ne7 6. c4 dxc4 7. dxc4 Qxd1 8. Rxd1 Nbc6 9. Nc3 Bf5 10. Be3 0-0 11. Nd5 Nxd5 12. cxd5 Nb8 13. Rac1 c6 14. Nd2 cxd5 15. Bxd5 Nc6 16. Bxc6 bxc6 17. Rxc6 a5 18. Nc4 a4 19. Nb6 Ra6 20. Bc5 Re8 21. Rcd6 h5 22. Rd8 Rxd8 23. Rxd8+ Kh7 24. Ra8 Rxa8 25. Nxa8 Be6 26. Nb6 Bxa2 27. Nxa4 Bb3 28. Nc3 f5 29. e4 Kg8 30. f3 Kf7 31. Kf2 Ke6 32. Nb1 Bh6 33. Be3 Bf8 34. Bb6 Kd7 35. Nd2 Bc2 36. Ke2 Bb4 37. Nc4 Ke6 38. Bc7 fxe4 39. fxe4 Bxe4 40. Nxe5 Bc5 41. Nd3 Bd4 42. Bf4 Kf5 43. h4 Bc6 44. Be3 Bg7 45. Bf4 Bd4 46. Be3 Bf6 47. Bf4 Ke4 48. Nf2+ Kd5 49. Nd3 Bb5 50. Kd2 Ke4 51. Nc5+ Kf3 52. Bd6 Bxb2 53. Ne6 Bc4 54. Nf4 Bf7 55. Nd3 Bg7 56. Ne5+ 1/2-1/2

[Event "Budapest FS06 GM"]
[Site "Budapest"]
[Date "2010.06.11"]
[Round "7"]
[White "Nadig, Kruttika"]
[Black "Kovacs, Gabor H"]
[Result "0-1"]
[WhiteElo "2236"]
[BlackElo "2521"]
[PlyCount "136"]
[EventDate "2010.06.05"]
[EventType "tourn"]
[EventRounds "9"]
[EventCountry "HUN"]
[EventCategory "7"]
[SourceTitle "CBM 136 Extra"]
[Source "ChessBase"]
[SourceDate "2010.07.02"]
[SourceVersion "2"]
[SourceVersionDate "2010.07.15"]
[SourceQuality "1"]

1. e4 e5 2. Nf3 Nc6 3. Bb5 a6 4. Ba4 d6 5. 0-0 Bd7 6. d4 exd4 7. Nxd4 Be7 8. Nxc6 Bxc6 9. Bxc6+ bxc6 10. Qg4 Bf6 11. Nd2 Rb8 12. c3 Ne7 13. f4 Ng6 14. Nf3 0-0 15. Re1 Re8 16. g3 Rb5 17. a4 Rb3 18. h4 Nf8 19. e5 dxe5 20. fxe5 Be7 21. Bh6 Ng6 22. Rad1 Qc8 23. Qxc8 Rxc8 24. Bc1 Nf8 25. Nd2 Rbb8 26. Nc4 Re8 27. Kg2 Bc5 28. b4 Ba7 29. Be3 Bxe3 30. Rxe3 Ne6 31. Rd7 Red8 32. Red3 Rxd7 33. Rxd7 Kf8 34. Na5 c5 35. bxc5 Rb2+ 36. Kh3 Rc2 37. c4 Rc3 38. Kg2 Ke8 39. c6 Ra3 40. Rd5 Rxa4 41. h5 h6 42. Kf3 Ra3+ 43. Kg2 Ra2+ 44. Kg1 Re2 45. Nb7 Rc2 46. Na5 Rb2 47. Rd3 Nd8 48. Rd5 Rb6 49. Rc5 Ke7 50. Kg2 Ke6 51. Kh3 Kf5 52. Rd5 Ne6 53. Kg2 Rb2+ 54. Kf1 Ra2 55. Nb7 Ra4 56. c5 Ra1+ 57. Kg2 Ra2+ 58. Kf1 Ra3 59. Nd6+ Kg4 60. Ke1 Rc3 61. Nxf7 Rxc5 62. Rxc5 Nxc5 63. Nd6 Nd3+ 64. Ke2 Nxe5 65. Ne8 Nxc6 66. Nxc7 a5 67. Kf2 a4 68. Nb5 Ne5 0-1

[Event "Budapest FS06 GM"]
[Site "Budapest"]
[Date "2010.06.09"]
[Round "5"]
[White "Toth, Ervin"]
[Black "Nadig, Kruttika"]
[Result "1-0"]
[WhiteElo "2360"]
[BlackElo "2236"]
[PlyCount "63"]
[EventDate "2010.06.05"]
[EventType "tourn"]
[EventRounds "9"]
[EventCountry "HUN"]
[EventCategory "7"]
[SourceTitle "CBM 136 Extra"]
[Source "ChessBase"]
[SourceDate "2010.07.02"]
[SourceVersion "2"]
[SourceVersionDate "2010.07.15"]
[SourceQuality "1"]

1. d4 d5 2. c4 c6 3. Nc3 dxc4 4. e4 b5 5. a4 b4 6. Na2 Nf6 7. e5 Nd5 8. Bxc4 e6 9. Nf3 Ba6 10. Qe2 Qb6 11. Bd2 c5 12. dxc5 Bxc5 13. 0-0 0-0 14. Rac1 Bxc4 15. Qxc4 Nd7 16. Qg4 Kh8 17. Qh5 Be7 18. Bg5 f5 19. Rc4 Bxg5 20. Nxg5 h6 21. Nf3 Nc5 22. Nc1 Nxa4 23. Nd3 Qa6 24. b3 Nab6 25. Nxb4 Nxb4 26. Rxb4 Nd5 27. Rh4 Nc3 28. Re1 Ne4 29. Qg6 Rfd8 30. h3 Qb6 31. Rexe4 fxe4 32. Ng5 1-0

[Event "Commonwealth-ch"]
[Site "New Delhi"]
[Date "2010.05.13"]
[Round "6"]
[White "Anwesh, Upadhyaya"]
[Black "Nadig, Kruttika"]
[Result "1-0"]
[WhiteElo "2419"]
[BlackElo "2236"]
[PlyCount "57"]
[EventDate "2010.05.10"]
[EventType "swiss"]
[EventRounds "11"]
[EventCountry "IND"]
[SourceTitle "CBM 136 Extra"]
[Source "ChessBase"]
[SourceDate "2010.07.02"]
[SourceVersion "2"]
[SourceVersionDate "2010.07.15"]
[SourceQuality "1"]

1. c4 Nf6 2. Nc3 d5 3. cxd5 Nxd5 4. g3 g6 5. Bg2 Nb6 6. d3 Bg7 7. Be3 Nc6 8. Bxc6+ bxc6 9. Qc1 h6 10. Ne4 Qd5 11. Nf3 Rb8 12. 0-0 Bg4 13. Bf4 Bxf3 14. exf3 f5 15. Nc5 e5 16. Na6 Rb7 17. Re1 Nd7 18. d4 Kf7 19. dxe5 Nxe5 20. Bxe5 Bxe5 21. Qe3 Bd6 22. Rad1 Qc4 23. Nxc7 f4 24. gxf4 Rxc7 25. Rxd6 Kg7 26. Qe5+ Kh7 27. f5 Rhc8 28. fxg6+ Kg8 29. Qf6 1-0